Name these Scousers (Liverpudlians) - Statistics

General Stats
  • This quiz has been taken 90 times
  • The average score is 7 of 16
Answer Stats
Picture Hint Answer % Correct
Rockstar John Lennon
95%
Rockstar Paul McCartney
93%
Rockstar George Harrison
88%
Rockstar, Drummer Ringo Starr
88%
Footballer Wayne Rooney
82%
Singer Mel C
36%
Actor Tom Baker
31%
Actress Jodie Comer
30%
Comedian Ken Dodd
27%
Actor Jason Isaacs
25%
Actress Kim Cattrall
19%
Liberal Prime Minister William Gladstone
15%
Conductor Simon Rattle
13%
Labour MP Bessie Braddock
6%
First Black mayor of a London borough John Archer
4%
Civil Engineer John Alexander Brodie
1%
No matching quizzes found
Score Distribution
Percent of People with Each Score
Percentile by Number Answered
Your Score History
You have not taken this quiz